000 00345nam a2200145 i 4500
001 bg
100 1 _aUJMA, Joanna
245 0 _aChemia budowlana /
_cJoanna Ujma, Alicja Mazurek.
260 _aCzęstochowa,
_c1982.
700 1 _aMAZUREK, Alicja
040 _cBPK
041 _apol
942 _cKS
008 s pl f |000 0 pol
999 _c20947
_d20947
856 _uhttp://koha.tu.koszalin.pl/cgi-bin/koha/opac-detail.pl?biblionumber=20947
_yKatalog online BPK